[Event "Turniej Blitza na II Lidze Juniorów 2018"]
[Site "Szczyrk, Poland"]
[Date "????.??.??"]
[Round "4.2"]
[White "Buraczewski, Rafal"]
[Black "Jaroch, Karol"]
[Result "0-1"]
[TimeControl "3'+2\""]
[WhiteElo "1927"]
[BlackElo "2257"]

1. d4 {[%clk 00:03:03]} {[%emt 00:00:35]} e6 {[%clk 00:03:04]} {[%emt
00:00:01]} 2. Nf3 {[%clk 00:03:04]} Nf6 {[%clk 00:03:05]} {[%emt 00:00:01]} 3.
c4 {[%clk 00:03:05]} b6 {[%clk 00:03:06]} {[%emt 00:00:01]} 4. Nc3 {[%clk
00:03:06]} Bb4 {[%clk 00:03:06]} {[%emt 00:00:01]} 5. Qc2 {[%clk 00:03:05]}
{[%emt 00:00:04]} Bb7 {[%clk 00:03:07]} 6. e3 {[%clk 00:03:05]} {[%emt
00:00:02]} Bxc3+ {[%clk 00:03:07]} {[%emt 00:00:02]} 7. bxc3 {[%clk 00:03:06]}
d6 {[%clk 00:03:08]} 8. Bd3 {[%clk 00:03:04]} {[%emt 00:00:04]} Nbd7 {[%clk
00:03:09]} {[%emt 00:00:02]} 9. e4 {[%clk 00:02:58]} {[%emt 00:00:08]} e5
{[%clk 00:03:10]} {[%emt 00:00:01]} 10. Bg5 {[%clk 00:02:57]} {[%emt 00:00:03]}
Qe7 {[%clk 00:03:10]} {[%emt 00:00:02]} 11. O-O {[%clk 00:02:56]} {[%emt
00:00:03]} h6 {[%clk 00:03:11]} {[%emt 00:00:02]} 12. Bh4 {[%clk 00:02:57]} g5
{[%clk 00:03:11]} {[%emt 00:00:02]} 13. Bg3 {[%clk 00:02:58]} Nh5 {[%clk
00:03:12]} {[%emt 00:00:01]} 14. c5 {[%clk 00:02:50]} {[%emt 00:00:10]} Nxg3
{[%clk 00:03:06]} {[%emt 00:00:08]} 15. fxg3 {[%clk 00:02:47]} {[%emt
00:00:05]} dxc5 {[%clk 00:03:07]} {[%emt 00:00:01]} 16. d5 {[%clk 00:02:44]}
{[%emt 00:00:05]} c4 {[%clk 00:03:03]} {[%emt 00:00:06]} 17. Be2 {[%clk
00:02:28]} {[%emt 00:00:18]} Qc5+ {[%clk 00:03:02]} {[%emt 00:00:02]} 18. Kh1
{[%clk 00:02:30]} c6 {[%clk 00:03:03]} {[%emt 00:00:02]} 19. dxc6 {[%emt
00:00:40]} Bxc6 {[%emt 00:00:02]} 20. Nd2 {[%clk 00:01:49]} b5 {[%clk
00:02:49]} {[%emt 00:00:16]} 21. a4 {[%clk 00:01:50]} Nb6 {[%clk 00:02:49]}
{[%emt 00:00:02]} 22. axb5 {[%clk 00:01:51]} {[%emt 00:00:02]} Bxb5 {[%clk
00:02:49]} {[%emt 00:00:02]} 23. Ra5 {[%clk 00:01:41]} {[%emt 00:00:10]} a6
{[%clk 00:02:50]} {[%emt 00:00:03]} 24. Qa2 {[%clk 00:01:26]} {[%emt 00:00:17]}
Rd8 {[%clk 00:02:47]} {[%emt 00:00:05]} 25. Bh5 {[%clk 00:01:19]} {[%emt
00:00:09]} O-O {[%clk 00:02:47]} {[%emt 00:00:02]} 26. Nf3 {[%clk 00:00:54]}
{[%emt 00:00:27]} Kg7 {[%clk 00:02:44]} {[%emt 00:00:05]} 27. h4 {[%clk
00:00:40]} {[%emt 00:00:15]} f6 {[%clk 00:02:45]} {[%emt 00:00:01]} 28. Qe2
{[%clk 00:00:31]} {[%emt 00:00:12]} Rd3 {[%clk 00:02:41]} {[%emt 00:00:06]} 29.
Nh2 {[%clk 00:00:25]} {[%emt 00:00:06]} Qe3 {[%clk 00:02:35]} {[%emt 00:00:10]}
30. Qg4 {[%clk 00:00:22]} {[%emt 00:00:05]} Bd7 {[%clk 00:02:31]} {[%emt
00:00:06]} 31. Qf3 {[%clk 00:00:16]} {[%emt 00:00:08]} Qxf3 {[%clk 00:02:31]}
{[%emt 00:00:02]} 32. Rxf3 {[%clk 00:00:16]} {[%emt 00:00:02]} Bb5 {[%clk
00:02:28]} {[%emt 00:00:04]} 33. Ra1 {[%emt 00:00:07]} Rxf3 {[%clk 00:02:24]}
{[%emt 00:00:04]} 34. gxf3 {[%clk 00:00:11]} {[%emt 00:00:04]} Rd8 {[%clk
00:02:25]} 35. f4 {[%clk 00:00:10]} {[%emt 00:00:04]} exf4 {[%clk 00:02:21]}
{[%emt 00:00:06]} 36. gxf4 {[%clk 00:00:09]} {[%emt 00:00:03]} Na4 {[%clk
00:02:15]} {[%emt 00:00:07]} 37. hxg5 {[%clk 00:00:09]} {[%emt 00:00:03]} hxg5
{[%clk 00:02:16]} {[%emt 00:00:02]} 38. fxg5 {[%clk 00:00:09]} {[%emt
00:00:01]} fxg5 {[%clk 00:02:16]} {[%emt 00:00:02]} 39. Rf1 {[%clk 00:00:07]}
{[%emt 00:00:04]} Nxc3 {[%emt 00:00:03]} 40. Ng4 Rd1 {[%clk 00:02:12]} {[%emt
00:00:05]} 41. Rxd1 {[%clk 00:00:06]} {[%emt 00:00:04]} Nxd1 {[%clk 00:02:12]}
{[%emt 00:00:02]} 42. e5 {[%emt 00:00:02]} c3 {[%emt 00:00:04]} 0-1

[Event "Turniej Blitza na II Lidze Juniorów 2018"]
[Site "Szczyrk, Poland"]
[Date "????.??.??"]
[Round "4.56"]
[White "Zabrzanski, Marcin"]
[Black "Bar, Klaudia"]
[Result "0-1"]
[TimeControl "3'+2\""]
[WhiteElo "1112"]
[BlackElo "1337"]

1. e4 {[%clk 00:03:03]} c5 2. Nf3 {[%emt 00:00:02]} Nc6 {[%clk 00:03:04]}
{[%emt 00:00:01]} 3. c3 {[%clk 00:03:03]} {[%emt 00:00:01]} g6 {[%emt
00:00:05]} 4. d4 {[%emt 00:00:01]} cxd4 {[%emt 00:00:02]} 5. cxd4 {[%emt
00:00:01]} Bg7 {[%clk 00:03:03]} {[%emt 00:00:02]} 6. Nc3 {[%clk 00:03:02]}
{[%emt 00:00:04]} e6 {[%clk 00:02:50]} {[%emt 00:00:15]} 7. Bd3 {[%clk
00:02:51]} {[%emt 00:00:13]} Nxd4 {[%emt 00:00:02]} 8. Nxd4 {[%emt 00:00:02]}
Bxd4 {[%clk 00:02:51]} {[%emt 00:00:01]} 9. Nb5 {[%clk 00:02:27]} {[%emt
00:00:26]} Bc5 {[%clk 00:02:36]} {[%emt 00:00:12]} 10. Bf4 {[%clk 00:02:20]}
{[%emt 00:00:12]} d6 {[%clk 00:02:34]} {[%emt 00:00:06]} 11. Rc1 {[%clk
00:01:55]} {[%emt 00:00:25]} e5 {[%clk 00:02:16]} {[%emt 00:00:22]} 12. Bxe5
{[%clk 00:01:39]} {[%emt 00:00:18]} Bb4+ {[%clk 00:01:36]} {[%emt 00:00:41]} 13.
Bc3 {[%clk 00:01:25]} {[%emt 00:00:17]} Bxc3+ {[%emt 00:00:02]} 14. Nxc3 {[%emt
00:00:01]} Nf6 {[%emt 00:00:10]} 15. Qf3 {[%emt 00:00:01]} O-O {[%clk
00:01:27]} {[%emt 00:00:04]} 16. h4 {[%clk 00:01:25]} {[%emt 00:00:03]} Bg4
{[%emt 00:00:13]} 17. Qe3 {[%emt 00:00:03]} Re8 {[%emt 00:00:06]} 18. f3 {[%emt
00:00:02]} Be6 {[%clk 00:00:59]} {[%emt 00:00:13]} 19. g4 {[%clk 00:01:21]}
{[%emt 00:00:08]} d5 {[%clk 00:01:00]} {[%emt 00:00:01]} 20. e5 {[%clk
00:01:21]} {[%emt 00:00:01]} d4 {[%clk 00:00:56]} {[%emt 00:00:06]} 21. Qh6
{[%clk 00:00:55]} {[%emt 00:00:28]} dxc3 {[%emt 00:00:09]} 22. exf6 {[%emt
00:00:01]} Qxf6 {[%clk 00:00:25]} {[%emt 00:00:27]} 23. Qg5 {[%clk 00:00:52]}
{[%emt 00:00:06]} Bc4+ {[%clk 00:00:13]} {[%emt 00:00:14]} 24. Kd1 {[%emt
00:00:05]} Qxg5 {[%emt 00:00:01]} 25. hxg5 {[%clk 00:00:50]} {[%emt 00:00:01]}
Bxd3 {[%emt 00:00:02]} 26. Rxc3 {[%clk 00:00:47]} {[%emt 00:00:04]} Rad8 {[%emt
00:00:02]} 27. Kc1 {[%emt 00:00:02]} Be2 {[%clk 00:00:13]} {[%emt 00:00:03]} 28.
Re1 {[%emt 00:00:03]} Bb5 {[%emt 00:00:05]} 29. Rxe8+ {[%clk 00:00:46]} {[%emt
00:00:02]} Rxe8 {[%clk 00:00:12]} 30. Kc2 {[%clk 00:00:46]} {[%emt 00:00:02]}
Re2+ {[%emt 00:00:04]} 31. Kb3 {[%emt 00:00:01]} Bc6 {[%clk 00:00:10]} {[%emt
00:00:01]} 32. Rd3 {[%clk 00:00:46]} {[%emt 00:00:02]} Rf2 {[%emt 00:00:05]} 33.
Rd8+ {[%emt 00:00:01]} Kg7 34. Ra8 Rxf3+ {[%clk 00:00:09]} {[%emt 00:00:02]} 35.
Kc4 {[%clk 00:00:48]} {[%emt 00:00:01]} Rf4+ {[%clk 00:00:09]} {[%emt
00:00:02]} 36. Kd3 {[%clk 00:00:49]} Rxg4 {[%clk 00:00:09]} {[%emt 00:00:03]}
37. Rxa7 {[%clk 00:00:49]} {[%emt 00:00:02]} Rxg5 {[%clk 00:00:08]} {[%emt
00:00:02]} 38. Ra3 {[%emt 00:00:04]} Rg3+ {[%emt 00:00:01]} 39. Kc4 {[%emt
00:00:02]} Rxa3 {[%emt 00:00:03]} 40. bxa3 h5 41. Kd3 {[%emt 00:00:01]} f5
{[%emt 00:00:01]} 42. Ke2 {[%clk 00:00:51]} h4 {[%clk 00:00:12]} {[%emt
00:00:01]} 43. Kf2 g5 44. Kg1 {[%emt 00:00:02]} g4 45. Kh2 f4 {[%emt 00:00:01]}
46. Kg1 h3 47. Kh2 {[%clk 00:00:57]} Bg2 {[%emt 00:00:03]} 48. Kg1 {[%emt
00:00:01]} g3 {[%clk 00:00:16]} {[%emt 00:00:02]} 49. a4 {[%clk 00:00:54]}
{[%emt 00:00:05]} h2+ {[%clk 00:00:12]} {[%emt 00:00:06]} 50. Kxg2 {[%clk
00:00:55]} f3+ {[%clk 00:00:13]} {[%emt 00:00:01]} 51. Kh1 {[%clk 00:00:50]}
{[%emt 00:00:07]} f2 {[%emt 00:00:04]} 52. Kg2 {[%emt 00:00:02]} f1=Q+ {[%clk
00:00:10]} {[%emt 00:00:03]} 53. Kxf1 {[%clk 00:00:50]} h1=Q+ {[%clk 00:00:10]}
{[%emt 00:00:03]} 54. Ke2 {[%clk 00:00:51]} {[%emt 00:00:01]} Qe4+ {[%clk
00:00:11]} {[%emt 00:00:01]} 55. Kd2 {[%clk 00:00:52]} {[%emt 00:00:01]} Qd4+
{[%clk 00:00:12]} 56. Ke2 {[%clk 00:00:52]} {[%emt 00:00:02]} Qf2+ {[%emt
00:00:02]} 57. Kd3 g2 {[%clk 00:00:13]} {[%emt 00:00:01]} 58. Ke4 {[%emt
00:00:03]} g1=R {[%emt 00:00:02]} 59. Kd3 {[%clk 00:00:52]} Rd1+ {[%emt
00:00:02]} 60. Ke4 {[%emt 00:00:01]} Rd4+ {[%clk 00:00:14]} {[%emt 00:00:02]}
61. Ke5 {[%clk 00:00:53]} {[%emt 00:00:06]} Qf6# {[%clk 00:00:12]} {[%emt
00:00:05]} 0-1

[Event "Turniej Blitza na II Lidze Juniorów 2018"]
[Site "Szczyrk, Poland"]
[Date "????.??.??"]
[Round "4.1"]
[White "Piesik, Piotr"]
[Black "Lorenc, Marian"]
[Result "1-0"]
[TimeControl "3'+2\""]
[WhiteTitle "FM"]
[WhiteElo "2305"]
[BlackElo "1845"]

1. Nf3 {[%clk 00:03:03]} {[%emt 00:00:01]} Nf6 {[%clk 00:03:03]} {[%emt
00:00:02]} 2. g3 {[%clk 00:03:04]} {[%emt 00:00:01]} g6 {[%clk 00:03:03]}
{[%emt 00:00:01]} 3. Bg2 {[%clk 00:03:06]} Bg7 {[%clk 00:03:04]} {[%emt
00:00:02]} 4. O-O {[%clk 00:03:06]} {[%emt 00:00:01]} O-O {[%clk 00:03:03]}
{[%emt 00:00:03]} 5. d4 {[%clk 00:03:07]} {[%emt 00:00:01]} d5 {[%clk
00:03:04]} 6. c4 {[%clk 00:03:09]} c6 {[%clk 00:03:05]} {[%emt 00:00:01]} 7.
Nc3 {[%clk 00:03:10]} dxc4 {[%clk 00:03:05]} {[%emt 00:00:03]} 8. a4 {[%clk
00:03:11]} Be6 {[%clk 00:02:59]} {[%emt 00:00:08]} 9. Ng5 {[%clk 00:03:11]}
{[%emt 00:00:03]} Bg4 {[%clk 00:02:55]} {[%emt 00:00:06]} 10. h3 {[%clk
00:03:02]} {[%emt 00:00:11]} Bd7 {[%clk 00:02:52]} {[%emt 00:00:04]} 11. e4
{[%clk 00:03:00]} {[%emt 00:00:04]} Na6 {[%clk 00:02:41]} {[%emt 00:00:13]} 12.
e5 {[%clk 00:02:56]} {[%emt 00:00:06]} Ne8 {[%clk 00:02:41]} {[%emt 00:00:02]}
13. Qe2 {[%clk 00:02:54]} {[%emt 00:00:04]} Nec7 {[%clk 00:02:33]} {[%emt
00:00:11]} 14. Qxc4 {[%clk 00:02:53]} {[%emt 00:00:03]} Ne6 {[%clk 00:02:31]}
{[%emt 00:00:04]} 15. Nce4 {[%clk 00:02:35]} {[%emt 00:00:19]} Qa5 {[%clk
00:02:28]} {[%emt 00:00:05]} 16. Bd2 {[%clk 00:02:30]} {[%emt 00:00:07]} Qb6
{[%clk 00:02:29]} {[%emt 00:00:01]} 17. Bc3 {[%clk 00:02:23]} {[%emt 00:00:09]}
Rad8 {[%clk 00:02:29]} {[%emt 00:00:01]} 18. Nf3 {[%clk 00:02:11]} {[%emt
00:00:15]} Bc8 {[%clk 00:02:15]} {[%emt 00:00:16]} 19. a5 {[%clk 00:02:05]}
{[%emt 00:00:08]} Qc7 {[%clk 00:02:16]} 20. Rad1 {[%clk 00:01:58]} {[%emt
00:00:09]} Qd7 {[%clk 00:02:07]} {[%emt 00:00:11]} 21. Qe2 {[%clk 00:01:40]}
{[%emt 00:00:20]} Qd5 {[%clk 00:02:01]} {[%emt 00:00:08]} 22. Nfg5 {[%emt
00:00:12]} Qb3 {[%emt 00:00:05]} 23. Rd2 {[%clk 00:01:15]} {[%emt 00:00:10]}
Nb4 {[%clk 00:01:53]} {[%emt 00:00:10]} 24. Nxe6 {[%clk 00:01:10]} {[%emt
00:00:07]} Bxe6 {[%clk 00:01:52]} {[%emt 00:00:03]} 25. Nc5 {[%clk 00:01:11]}
{[%emt 00:00:01]} Qc4 {[%clk 00:01:50]} {[%emt 00:00:04]} 26. Qxc4 {[%clk
00:01:12]} {[%emt 00:00:02]} Bxc4 {[%clk 00:01:51]} {[%emt 00:00:01]} 27. Bxb4
{[%clk 00:01:13]} Bxf1 {[%clk 00:01:51]} 28. Kxf1 {[%clk 00:01:12]} {[%emt
00:00:04]} b6 {[%clk 00:01:52]} {[%emt 00:00:01]} 29. Ne4 {[%clk 00:01:04]}
{[%emt 00:00:09]} c5 {[%clk 00:01:53]} 30. dxc5 {[%clk 00:01:01]} {[%emt
00:00:05]} Rxd2 {[%clk 00:01:53]} {[%emt 00:00:02]} 31. Bxd2 {[%clk 00:01:02]}
bxc5 {[%clk 00:01:54]} {[%emt 00:00:01]} 32. f4 {[%clk 00:01:01]} {[%emt
00:00:03]} Rc8 {[%clk 00:01:55]} {[%emt 00:00:02]} 33. Bc3 {[%clk 00:00:57]}
{[%emt 00:00:06]} Bf8 {[%clk 00:01:43]} {[%emt 00:00:13]} 34. Ke2 {[%clk
00:00:56]} {[%emt 00:00:03]} e6 {[%clk 00:01:44]} 35. Nf6+ {[%clk 00:00:50]}
{[%emt 00:00:07]} Kg7 {[%clk 00:01:44]} {[%emt 00:00:02]} 36. Bb7 {[%clk
00:00:51]} {[%emt 00:00:02]} Rb8 {[%clk 00:01:44]} {[%emt 00:00:03]} 37. a6
{[%clk 00:00:51]} {[%emt 00:00:01]} Be7 {[%clk 00:01:39]} {[%emt 00:00:06]} 38.
Ne4 {[%clk 00:00:50]} {[%emt 00:00:03]} Rd8 {[%clk 00:01:37]} {[%emt 00:00:05]}
39. Nd2 {[%clk 00:00:43]} {[%emt 00:00:10]} g5 {[%clk 00:01:34]} {[%emt
00:00:05]} 40. Nc4 {[%clk 00:00:40]} {[%emt 00:00:05]} gxf4 {[%clk 00:01:34]}
{[%emt 00:00:01]} 41. gxf4 {[%clk 00:00:41]} Kg6 {[%clk 00:01:31]} {[%emt
00:00:06]} 42. Be4+ {[%clk 00:00:40]} {[%emt 00:00:04]} Kh6 {[%clk 00:01:31]}
{[%emt 00:00:01]} 43. Na5 {[%clk 00:00:39]} {[%emt 00:00:03]} Bh4 {[%clk
00:01:19]} {[%emt 00:00:14]} 44. Bb7 {[%clk 00:00:33]} {[%emt 00:00:08]} f6
{[%clk 00:01:13]} {[%emt 00:00:08]} 45. exf6 {[%clk 00:00:33]} {[%emt
00:00:03]} Kg6 {[%clk 00:01:13]} {[%emt 00:00:01]} 46. Nc6 {[%clk 00:00:34]}
Rf8 {[%clk 00:01:05]} {[%emt 00:00:10]} 47. Ne5+ {[%clk 00:00:33]} {[%emt
00:00:03]} Kf5 {[%clk 00:01:06]} {[%emt 00:00:01]} 48. Kf3 {[%clk 00:00:32]}
{[%emt 00:00:04]} Bxf6 {[%clk 00:01:05]} {[%emt 00:00:02]} 49. Be4# {[%clk
00:00:33]} {[%emt 00:00:01]} Kxe4+ {[%clk 00:03:02]} 50. Kxe4 1-0

[Event "Turniej Blitza na II Lidze Juniorów 2018"]
[Site "Szczyrk, Poland"]
[Date "????.??.??"]
[Round "4.14"]
[White "Krasiewicz, Robert"]
[Black "Urbanski, Wojciech"]
[Result "1/2-1/2"]
[TimeControl "3'+2\""]
[WhiteElo "1842"]
[BlackElo "1472"]

1. d4 {[%clk 00:03:03]} {[%emt 00:00:01]} f5 {[%clk 00:03:04]} 2. c4 {[%clk
00:03:03]} {[%emt 00:00:02]} Nf6 {[%clk 00:03:03]} {[%emt 00:00:02]} 3. g3
{[%clk 00:03:04]} {[%emt 00:00:01]} e6 {[%clk 00:03:04]} {[%emt 00:00:01]} 4.
Bg2 {[%clk 00:03:05]} {[%emt 00:00:01]} d5 {[%clk 00:03:03]} {[%emt 00:00:03]}
5. Nf3 {[%clk 00:03:03]} {[%emt 00:00:04]} c6 {[%clk 00:03:05]} {[%emt
00:00:01]} 6. b3 {[%clk 00:03:01]} {[%emt 00:00:03]} Bd6 {[%clk 00:03:05]} 7.
O-O {[%clk 00:03:01]} {[%emt 00:00:03]} O-O {[%clk 00:03:05]} {[%emt 00:00:02]}
8. Bb2 {[%clk 00:03:01]} Bd7 {[%clk 00:03:00]} {[%emt 00:00:08]} 9. Ne5 {[%clk
00:02:59]} {[%emt 00:00:05]} Be8 {[%clk 00:02:58]} {[%emt 00:00:04]} 10. f3
{[%clk 00:02:57]} {[%emt 00:00:04]} Bh5 {[%clk 00:02:51]} {[%emt 00:00:09]} 11.
Qe1 {[%clk 00:02:51]} {[%emt 00:00:06]} Nbd7 {[%clk 00:02:36]} {[%emt
00:00:18]} 12. Nd2 {[%clk 00:02:45]} {[%emt 00:00:08]} Nxe5 {[%clk 00:02:09]}
{[%emt 00:00:29]} 13. dxe5 {[%clk 00:02:45]} {[%emt 00:00:02]} Bc5+ {[%clk
00:02:10]} 14. Kh1 {[%clk 00:02:33]} {[%emt 00:00:15]} Nd7 {[%clk 00:02:04]}
{[%emt 00:00:08]} 15. cxd5 {[%clk 00:02:20]} {[%emt 00:00:15]} cxd5 {[%clk
00:02:03]} {[%emt 00:00:03]} 16. e4 {[%clk 00:02:15]} {[%emt 00:00:07]} fxe4
{[%clk 00:01:50]} {[%emt 00:00:14]} 17. fxe4 {[%clk 00:02:16]} {[%emt
00:00:02]} Rxf1+ {[%clk 00:01:43]} {[%emt 00:00:09]} 18. Qxf1 {[%clk 00:02:09]}
{[%emt 00:00:09]} Qg5 {[%clk 00:01:41]} {[%emt 00:00:04]} 19. Qf4 {[%clk
00:01:42]} {[%emt 00:00:29]} Qxf4 {[%clk 00:01:25]} {[%emt 00:00:18]} 20. gxf4
{[%clk 00:01:43]} {[%emt 00:00:01]} Be3 {[%clk 00:01:26]} 21. Nf1 {[%clk
00:01:43]} {[%emt 00:00:03]} Bxf4 {[%clk 00:01:27]} {[%emt 00:00:02]} 22. exd5
{[%clk 00:01:44]} Nxe5 {[%clk 00:01:16]} {[%emt 00:00:12]} 23. dxe6 {[%clk
00:01:40]} {[%emt 00:00:06]} Re8 {[%clk 00:01:07]} {[%emt 00:00:11]} 24. Bxb7
{[%clk 00:01:23]} {[%emt 00:00:20]} Nd3 {[%clk 00:01:01]} {[%emt 00:00:08]} 25.
Bd4 {[%clk 00:01:10]} {[%emt 00:00:14]} Bg4 {[%clk 00:00:48]} {[%emt 00:00:16]}
26. Bd5 {[%clk 00:00:48]} {[%emt 00:00:23]} Bxe6 {[%clk 00:00:42]} {[%emt
00:00:08]} 27. Bxe6+ {[%clk 00:00:47]} {[%emt 00:00:03]} Rxe6 {[%clk 00:00:43]}
28. Bxa7 {[%clk 00:00:46]} {[%emt 00:00:02]} Ra6 {[%clk 00:00:36]} {[%emt
00:00:09]} 29. Bg1 {[%clk 00:00:37]} {[%emt 00:00:11]} Be5 {[%clk 00:00:34]}
{[%emt 00:00:05]} 30. Rd1 {[%clk 00:00:33]} {[%emt 00:00:05]} Nb2 {[%clk
00:00:26]} {[%emt 00:00:11]} 31. Rd8+ {[%clk 00:00:28]} {[%emt 00:00:06]} Kf7
{[%clk 00:00:28]} {[%emt 00:00:02]} 32. a4 {[%clk 00:00:23]} {[%emt 00:00:06]}
Bf6 {[%clk 00:00:23]} {[%emt 00:00:07]} 33. Rd5 {[%clk 00:00:22]} {[%emt
00:00:02]} Rc6 {[%clk 00:00:09]} {[%emt 00:00:16]} 34. a5 {[%clk 00:00:21]}
{[%emt 00:00:04]} Ra6 {[%clk 00:00:05]} {[%emt 00:00:06]} 35. b4 {[%clk
00:00:19]} {[%emt 00:00:04]} Nc4 {[%clk 00:00:05]} {[%emt 00:00:01]} 36. Rc5
{[%clk 00:00:16]} {[%emt 00:00:05]} Nd6 {[%clk 00:00:06]} {[%emt 00:00:01]} 37.
Rc7+ {[%clk 00:00:14]} {[%emt 00:00:04]} Kf8 {[%clk 00:00:07]} {[%emt
00:00:02]} 38. Bc5 {[%clk 00:00:15]} {[%emt 00:00:01]} Ke8 {[%clk 00:00:06]}
{[%emt 00:00:03]} 39. Bxd6 {[%clk 00:00:13]} {[%emt 00:00:02]} Rxd6 {[%clk
00:00:08]} 40. b5 {[%clk 00:00:13]} {[%emt 00:00:04]} Rd1 {[%clk 00:00:08]}
{[%emt 00:00:02]} 41. Kg2 {[%clk 00:00:14]} {[%emt 00:00:01]} Rb1 {[%clk
00:00:09]} 42. b6 {[%clk 00:00:15]} {[%emt 00:00:01]} Be5 {[%clk 00:00:10]} 43.
Rc5 {[%clk 00:00:15]} {[%emt 00:00:01]} Bd6 {[%clk 00:00:11]} {[%emt 00:00:01]}
44. Rc6 {[%clk 00:00:16]} {[%emt 00:00:02]} Kd7 {[%clk 00:00:13]} 45. Rc2
{[%clk 00:00:16]} {[%emt 00:00:02]} Ra1 {[%clk 00:00:13]} {[%emt 00:00:02]} 46.
b7 {[%clk 00:00:15]} {[%emt 00:00:03]} Rxa5 {[%clk 00:00:14]} {[%emt 00:00:01]}
47. Rc8 {[%clk 00:00:16]} Rb5 {[%clk 00:00:15]} 48. Rg8 {[%clk 00:00:13]}
{[%emt 00:00:05]} Be5 {[%clk 00:00:15]} {[%emt 00:00:02]} 49. Ne3 {[%clk
00:00:13]} {[%emt 00:00:03]} Rxb7 {[%clk 00:00:14]} {[%emt 00:00:02]} 50. Nf5
{[%clk 00:00:14]} {[%emt 00:00:01]} Rb2+ {[%clk 00:00:15]} {[%emt 00:00:01]} 51.
Kf3 {[%clk 00:00:16]} Rb3+ {[%clk 00:00:16]} {[%emt 00:00:01]} 52. Ke4 {[%clk
00:00:18]} Bf6 {[%clk 00:00:17]} 53. Nxg7 {[%clk 00:00:18]} Bxg7 {[%clk
00:00:18]} 54. Rxg7+ {[%clk 00:00:20]} {[%emt 00:00:01]} Ke6 {[%clk 00:00:18]}
{[%emt 00:00:02]} 55. Rxh7 {[%emt 00:00:01]} Rb4+ {[%clk 00:00:18]} 56. Kf3
{[%clk 00:00:22]} {[%emt 00:00:01]} Kf6 {[%clk 00:00:20]} 57. Rh8 {[%clk
00:00:23]} {[%emt 00:00:02]} Kg7 {[%clk 00:00:21]} {[%emt 00:00:01]} 58. Ra8
{[%clk 00:00:23]} Rh4 {[%clk 00:00:21]} {[%emt 00:00:02]} 59. Kg3 {[%clk
00:00:24]} {[%emt 00:00:01]} Rh8 {[%clk 00:00:21]} 60. Ra7+ {[%clk 00:00:25]}
{[%emt 00:00:02]} Kg6 {[%clk 00:00:23]} 61. Kg4 {[%clk 00:00:26]} {[%emt
00:00:01]} Rxh2 {[%clk 00:00:23]} {[%emt 00:00:02]} 1/2-1/2